00270nam a22000857a 4500008004100000082002000041245009800061260001700159300000800176230704b xxu||||| |||| 00| 0 eng d a362.1bKEW 2015 aSustaining Parliamentary Action to Improve Sexual and Reproductive Health and Rights in Kenya bKEWOPAc2015 a56p